000 00328 a2200145 4500
001 147824
040 _cEscola São Tomás de Aquino
100 _aDUPRÉ, Maria José
240 1 0 _aA ilha perdida
_lpor
245 1 0 _aA ilha perdida
300 _a133
362 0 _a1998
697 _a*LITERATURA INFANTO JUVENIL
942 _cBK
999 _c147824
_d147824